Регионална библиотека "Любен Каравелов" - Русе

Златотърсачи (Запис номер 142487)

MARC детайли
000 -Лидер
Контролно поле с фиксирана дължина 01090nam a2200301 c 4500
003 - Код на организацията, давaща контролен номер
Контролно поле BLK
005 - Дата и час на последна редакция
Контролно поле 20180422112413.0
008 - Елементи от данни с фиксирана дължина
fixed length control field 180409b bul|||||r ||||||| ||bul||
010 ## - Наследен системен номер
LC control number KNG00148580000
040 ## - Източник на каталожния запис
Идентификатор на билиотеката - собственик на записа BLK
041 ## - Код за език
Код за езика на текст/звукозапис или на отделно заглавие Български
Код за езика КДБФ Български
080 ## - УДК
Текстов определител УДК Българска литература
УДК код - определител по УДК 821.163.2
УДК определител -93-32
УДК - код + определител 821.163.2-93-32
100 1# - Редна дума - Автор
Автор Траянов, Христо
Авторска отговорност първи автор
R(LIN) 286021
139 ## - Редно поле
Редна дума Траянов, Христо
Авторски знак Трая - Т 80
245 10 - Сведения за заглавието
Заглавие Златотърсачи
Подзаглавни данни Разкази
Редно поле (дума) Христо Траянов; ил. Найден Петков.
250 ## - Област на изданието
Сведения за изданието 2. изд.
257 ## - Страна на издаване
Страна на създаване/издаване България
260 ## - Област на издателските данни
-- София
Име на издателя, разпространителя и проч. Профиздат
Година на издаване 1965
300 ## - Физическа характеристика
Страници 218 с.
Илюстрации и др. с ил.
Размери/Мащаб 19см
380 ## - Жанр
Жанр Детска худож. лит.
500 ## - Общи забележки
Забележка 1. изд. 1963. - 13 116 тир.
700 1# - Други автори (авторска отговорност)
Лично име Петков, Найден
Автороска отговорност (Описва отношението между автора и произведението) ил.
9 (RLIN) 379350
852 ## - Местоположение
Форматна сигнатура Цб 35393
856 4# - Електронен адрес и достъп
Електронен формат pdf - файл
Път до файла /url/
856 4# - Електронен адрес и достъп
Електронен формат pdf - файл
Път до файла /url/
942 ## - АРТИКУЛИ
Вид на библиотечния материал Книги
Скрит в OPAC Не
944 ## - СЪЗДАВАНЕ И РЕДАКЦИЯ на ЗАПИСА
Създаване/Редакция Създаване
Дата на регистрацията/редакция 06.08.2013
Статус, дата на статуса 06.08.2013 - от С1,Р / 06.08.2013
Служител, извършил регистрацията/редакцията Елиза_Атанасова
944 ## - СЪЗДАВАНЕ И РЕДАКЦИЯ на ЗАПИСА
Създаване/Редакция Редакция
Дата на регистрацията/редакция 26.09.2017
Статус, дата на статуса 06.08.2013 - от С1,Р / 06.08.2013
Служител, извършил регистрацията/редакцията Вася_Ганчева
999 ## - СИСТЕМНИ КОНТРОЛНИ НОМЕРА
Koha biblionumber 142487
Koha biblioitemnumber 142487
Наличности
Код за отписване Код за изгубен артикул Източник на класификационната схема Код за повреда Коз за рестрикции Код за отдаване Артикулен № Име на библиотеката - собственик Име на библиотеката, в която се намира в момента Статус (Текущо местоположение) Дата на вписване в системата Местоположение - отдел Цена в лева Инвентарен номер Систематично азбучна сигнатура Баркод Номер на екземпляра Цена в евро Служебна бележка Служебен тип на артикула Бележка за публиката
  Не е изгубен Universal Decimal Classification Не е повреден само за читалня ползва се в читалня 235749 Регионална библиотека "Любен Каравелов" Русе Регионална библиотека "Любен Каравелов" Русе Хранилище 1965-01-01 Хранилище 0.67 16970/65 Цб 35393 900000096272 1 0.34 Вид: СФ N: стар фонд Дата: 01.01.1965 Книги  
Изтеглен Не е изгубен   Не е повреден без рестрикции заемане за дома 235750 Регионална библиотека "Любен Каравелов" Русе Регионална библиотека "Любен Каравелов" Русе   1965-01-01 Детски отдел 0.67 17694/65 ДХ 886.7/Т 80 17694/65 2 0.34 Вид: Сф N: стар фонд Дата: 01.01.1965 Дата инв: 29.09.2015 Бележки инв: Д2015 Книги Отч.N: 34/2017 , Дата: 05.09.2017
Vip Innovations Ltd, Rousse, Bulgaria 2025